[Event "SC Hiltrup 1 - SV Heiden 2"]
[Site "Verbandsklasse, Gr. 1 2022/20"]
[Date "2022.09.17"]
[Round "1.2"]
[White "Buchholz, Christian"]
[Black "Dolle, Stefan"]
[Result "1/2-1/2"]
[WhiteElo "1729"]
[BlackElo "1817"]
[PlyCount "92"]
[EventDate "2022.??.??"]
[SourceTitle "Verband Muensterland"]
[SourceDate "2022.10.26"]
[SourceVersion "1"]
[SourceVersionDate "2022.10.26"]
[SourceQuality "1"]
[WhiteTeam "SC Hiltrup 1"]
[BlackTeam "SV Heiden 2"]

1. e4 c5 2. Nf3 d6 3. d4 cxd4 4. Nxd4 Nf6 5. Nc3 g6 6. h3 Bg7 7. Be3 O-O 8. Qd2
Nc6 9. O-O-O Bd7 10. f3 a6 11. Bc4 Rc8 12. Nxc6 Bxc6 13. Bb3 Re8 14. g4 b5 15.
g5 Nd7 16. Nd5 Ne5 17. f4 Nc4 18. Bxc4 bxc4 19. Bd4 Bxd5 20. exd5 Bxd4 21. Qxd4
Qa5 22. Qc3 Qxa2 23. Kd2 Qa4 24. Ra1 Qb5 25. Ra5 Qb6 26. Ke2 Rc5 27. Rha1 Rxa5
28. Rxa5 e5 29. dxe6 Rxe6+ 30. Kf3 Qc6+ 31. Kf2 d5 32. Qd4 Re4 33. Qxd5 Rxf4+
34. Kg3 Qxd5 35. Rxd5 Re4 36. Kf3 Re6 37. Rc5 Rb6 38. Rxc4 Rxb2 39. Ke4 Rb6 40.
h4 f5+ 41. Ke5 h5 42. gxh6 Kh7 43. h5 Kxh6 44. hxg6 Kxg6 45. Rc8 Kg5 46. c4 Rb4
1/2-1/2

[Event "SC Hiltrup 1 - SV Heiden 2"]
[Site "Verbandsklasse, Gr. 1 2022/20"]
[Date "2022.09.17"]
[Round "1.3"]
[White "Buchner, Ralf"]
[Black "Haves, Daniel"]
[Result "1/2-1/2"]
[WhiteElo "1651"]
[BlackElo "1650"]
[PlyCount "27"]
[EventDate "2022.??.??"]
[SourceTitle "Verband Muensterland"]
[SourceDate "2022.10.26"]
[SourceVersion "1"]
[SourceVersionDate "2022.10.26"]
[SourceQuality "1"]
[WhiteTeam "SV Heiden 2"]
[BlackTeam "SC Hiltrup 1"]

1. d4 d6 2. e4 Nf6 3. Nc3 e5 4. dxe5 dxe5 5. Bg5 Be6 6. Nf3 Nbd7 7. Bxf6 gxf6
8. Be2 c6 9. a3 Rg8 10. g3 Qe7 11. Qd2 O-O-O 12. O-O-O Nb6 13. Qxd8+ Qxd8 14.
Rxd8+ 1/2-1/2

[Event "SC Hiltrup 1 - SV Heiden 2"]
[Site "Verbandsklasse, Gr. 1 2022/20"]
[Date "2022.09.17"]
[Round "1.4"]
[White "Vera, Antonio"]
[Black "Sicking, Andreas"]
[Result "1/2-1/2"]
[WhiteElo "1648"]
[BlackElo "1602"]
[PlyCount "53"]
[EventDate "2022.??.??"]
[SourceTitle "Verband Muensterland"]
[SourceDate "2022.10.26"]
[SourceVersion "1"]
[SourceVersionDate "2022.10.26"]
[SourceQuality "1"]
[WhiteTeam "SC Hiltrup 1"]
[BlackTeam "SV Heiden 2"]

1. d4 b6 2. Nf3 Bb7 3. g3 Nf6 4. Bg2 e6 5. O-O Be7 6. c4 d6 7. Nc3 Nbd7 8. Re1
c5 9. dxc5 Nxc5 10. b3 Qc7 11. Bb2 O-O 12. e3 Rad8 13. Qe2 a5 14. Rad1 d5 15.
cxd5 Nxd5 16. Nxd5 Bxd5 17. Nd4 Bxg2 18. Kxg2 Bf6 19. Rd2 Ne4 20. Rc2 Qb7 21.
Kg1 Ng5 22. h4 Bxd4 23. hxg5 Bxb2 24. Rxb2 Rd5 25. f4 Rfd8 26. Rc1 Qe7 27. Rbc2
1/2-1/2

[Event "SC Hiltrup 1 - SV Heiden 2"]
[Site "Verbandsklasse, Gr. 1 2022/20"]
[Date "2022.09.17"]
[Round "1.5"]
[White "Spoeler, Gerd"]
[Black "May, Peter"]
[Result "0-1"]
[WhiteElo "1640"]
[BlackElo "1598"]
[PlyCount "100"]
[EventDate "2022.??.??"]
[SourceTitle "Verband Muensterland"]
[SourceDate "2022.10.26"]
[SourceVersion "1"]
[SourceVersionDate "2022.10.26"]
[SourceQuality "1"]
[WhiteTeam "SV Heiden 2"]
[BlackTeam "SC Hiltrup 1"]

1. d4 d5 2. c4 Bf5 3. Nc3 e6 4. a3 Nf6 5. Nf3 c6 6. e3 Bd6 7. Bd2 Nbd7 8. c5
Bc7 9. Be2 e5 10. dxe5 Nxe5 11. Nxe5 Bxe5 12. f4 Bc7 13. Bf3 Qe7 14. O-O Qxc5
15. Rc1 Qe7 16. Re1 Be4 17. Nxe4 Nxe4 18. Bb4 Qe6 19. Qd4 Bb6 20. Qxg7 O-O-O
21. Bxe4 Qxe4 22. Qe5 Qg6 23. Bd2 Rhe8 24. Qc3 Qg4 25. Qd3 Re4 26. Qe2 Qxe2 27.
Rxe2 Rxf4 28. Kh1 Re4 29. Rf1 Rd7 30. g3 Kc7 31. Ref2 Ree7 32. Kg2 d4 33. e4 d3
34. Rf4 Bd4 35. b3 Be5 36. R4f3 c5 37. Bg5 f6 38. Bxf6 Bxf6 39. Rxf6 Rxe4 40.
Rf7 Re2+ 41. R7f2 Rde7 42. Rxe2 Rxe2+ 43. Kf3 Rxh2 44. Ke3 d2 45. Rd1 Kc6 46.
Kf3 Kd5 47. g4 Kd4 48. Kg3 Re2 49. Kf3 Kd3 50. g5 Re1 0-1

[Event "SC Hiltrup 1 - SV Heiden 2"]
[Site "Verbandsklasse, Gr. 1 2022/20"]
[Date "2022.09.17"]
[Round "1.6"]
[White "Jeromin, Rudolf Gustav"]
[Black "Schulze Forsthoevel, Manfred"]
[Result "1-0"]
[WhiteElo "1567"]
[BlackElo "1491"]
[PlyCount "120"]
[EventDate "2022.??.??"]
[SourceTitle "Verband Muensterland"]
[SourceDate "2022.10.26"]
[SourceVersion "1"]
[SourceVersionDate "2022.10.26"]
[SourceQuality "1"]
[WhiteTeam "SC Hiltrup 1"]
[BlackTeam "SV Heiden 2"]

1. e4 Nf6 2. e5 Nd5 3. Nf3 d6 4. c4 Nb6 5. d4 Bf5 6. a3 Nc6 7. exd6 exd6 8. Nc3
Be7 9. Bd3 Qd7 10. Be3 Na5 11. Bxf5 Qxf5 12. b3 a6 13. O-O O-O 14. d5 Nd7 15.
Nd4 Qg6 16. f4 h5 17. f5 Qg4 18. Qxg4 hxg4 19. Rab1 Ne5 20. Ne4 b6 21. f6 gxf6
22. Nxf6+ Kg7 23. Nh5+ Kh7 24. Rf5 c5 25. dxc6 Naxc6 26. Nxc6 Nxc6 27. Bxb6 Kg6
28. Ng3 Bh4 29. Rd5 Bxg3 30. hxg3 Ne7 31. Rxd6+ Kg7 32. Rf1 Nc8 33. Bd4+ Kg8
34. Rd5 Ne7 35. Rg5+ Ng6 36. Kf2 Rad8 37. Rxg4 Rxd4 38. Rxd4 a5 39. c5 Rc8 40.
b4 Ne5 41. Rfd1 Kg7 42. Rd5 Nc4 43. R1d3 a4 44. Rf5 Re8 45. b5 Ne5 46. Rxe5
Rxe5 47. Rc3 Kf6 48. b6 Re8 49. Rc4 Ke5 50. Rxa4 Kd5 51. Ra5 Kc6 52. a4 f6 53.
Rb5 Rb8 54. b7 f5 55. Kf3 Kd5 56. Kf4 Kc6 57. Kxf5 Rf8+ 58. Ke6 Re8+ 59. Kf7
Rb8 60. g4 Rxb7+ 1-0

[Event "SC Hiltrup 1 - SV Heiden 2"]
[Site "Verbandsklasse, Gr. 1 2022/20"]
[Date "2022.09.17"]
[Round "1.7"]
[White "Knop, Adrian"]
[Black "Voigt, Hartmut"]
[Result "1/2-1/2"]
[WhiteElo "1546"]
[BlackElo "1528"]
[PlyCount "42"]
[EventDate "2022.??.??"]
[SourceTitle "Verband Muensterland"]
[SourceDate "2022.10.26"]
[SourceVersion "1"]
[SourceVersionDate "2022.10.26"]
[SourceQuality "1"]
[WhiteTeam "SV Heiden 2"]
[BlackTeam "SC Hiltrup 1"]

1. e4 d5 2. exd5 Qxd5 3. Nc3 Qd6 4. Bc4 Nf6 5. Nf3 Bg4 6. d3 e6 7. Bg5 Nbd7 8.
Qe2 Be7 9. Nb5 Qb6 10. Be3 c5 11. Bf4 Rc8 12. h3 Bf5 13. Rb1 a6 14. Nc3 Qb4 15.
a3 Qa5 16. O-O O-O 17. Ne5 b5 18. Nxd7 Nxd7 19. Bb3 Qd8 20. Ne4 Nb6 21. Rfd1
Nd5 1/2-1/2

[Event "SC Hiltrup 1 - SV Heiden 2"]
[Site "Verbandsklasse, Gr. 1 2022/20"]
[Date "2022.09.17"]
[Round "1.8"]
[White "Tigranjan, Raphael"]
[Black "Meis, Jonas"]
[Result "0-1"]
[WhiteElo "1657"]
[BlackElo "1489"]
[PlyCount "54"]
[EventDate "2022.??.??"]
[SourceTitle "Verband Muensterland"]
[SourceDate "2022.10.26"]
[SourceVersion "1"]
[SourceVersionDate "2022.10.26"]
[SourceQuality "1"]
[WhiteTeam "SC Hiltrup 1"]
[BlackTeam "SV Heiden 2"]

1. e4 c6 2. d4 d5 3. Nc3 dxe4 4. Nxe4 Bf5 5. Ng3 Bg6 6. Nf3 Nd7 7. h4 h6 8. h5
Bh7 9. Bc4 e6 10. Bd2 Bd6 11. Bc3 Bxg3 12. fxg3 Qc7 13. Rh3 Bf5 14. Kf2 Bxh3
15. gxh3 Ngf6 16. Qe2 O-O-O 17. g4 Nb6 18. Bb3 Qf4 19. Re1 Rhe8 20. Bd2 Qc7 21.
c3 Nfd5 22. a4 Nf4 23. Bxf4 Qxf4 24. a5 Nd5 25. a6 b6 26. Kg2 Qd6 27. Ne5 Nf4+
0-1

[Event "SK Dülmen 2 - SK Bocholt 2"]
[Site "Verbandsklasse, Gr. 1 2022/20"]
[Date "2022.09.17"]
[Round "1.1"]
[White "Burike, Christian"]
[Black "Stein, Michael"]
[Result "1-0"]
[WhiteElo "1757"]
[BlackElo "1674"]
[PlyCount "115"]
[EventDate "2022.??.??"]
[SourceTitle "Verband Muensterland"]
[SourceDate "2022.10.26"]
[SourceVersion "1"]
[SourceVersionDate "2022.10.26"]
[SourceQuality "1"]
[WhiteTeam "SK Bocholt 2"]
[BlackTeam "SK Dülmen 2"]

1. d4 Nf6 2. Bg5 Ne4 3. h4 d5 4. Nd2 c6 5. Nxe4 dxe4 6. Qd2 Be6 7. e3 h6 8. Bf4
Nd7 9. Ne2 Nf6 10. Nc3 Bd5 11. Be2 e6 12. a3 Bd6 13. Bxd6 Qxd6 14. O-O-O e5 15.
Nxd5 Nxd5 16. dxe5 Qxe5 17. Qd4 Qxd4 18. Rxd4 f5 19. g4 g6 20. h5 Kf7 21. hxg6+
Kxg6 22. gxf5+ Kxf5 23. Rh5+ Kg6 24. Rxe4 Nf6 25. Re6 Kf7 26. Rhe5 h5 27. Re7+
Kg6 28. Bd3+ Kh6 29. R5e6 Raf8 30. f4 h4 31. Bf5 Kh5 32. Rg7 Rhg8 33. Ree7 Rxg7
34. Rxg7 Rg8 35. Rxg8 Nxg8 36. Kd2 Nf6 37. Ke2 Nd5 38. Kf3 Nb6 39. Bg4+ Kg6 40.
b3 Nd5 41. e4 Nc3 42. e5 Nb5 43. f5+ Kf7 44. Ke4 Nxa3 45. c4 Nc2 46. f6 c5 47.
Kf5 Nd4+ 48. Kg5 h3 49. Bxh3 Nf3+ 50. Kf5 Nd4+ 51. Ke4 Nxb3 52. Kd5 Na5 53.
Kxc5 b6+ 54. Kd5 Nb7 55. Be6+ Kf8 56. Bc8 Nc5 57. e6 a5 58. Bd7 1-0

[Event "SK Dülmen 2 - SK Bocholt 2"]
[Site "Verbandsklasse, Gr. 1 2022/20"]
[Date "2022.09.17"]
[Round "1.2"]
[White "Krimphove, Martin"]
[Black "Steverding, Tim"]
[Result "1-0"]
[WhiteElo "1568"]
[BlackElo "1491"]
[PlyCount "71"]
[EventDate "2022.??.??"]
[SourceTitle "Verband Muensterland"]
[SourceDate "2022.10.26"]
[SourceVersion "1"]
[SourceVersionDate "2022.10.26"]
[SourceQuality "1"]
[WhiteTeam "SK Dülmen 2"]
[BlackTeam "SK Bocholt 2"]

1. d4 d5 2. Nf3 Nf6 3. Bg5 e6 4. e3 Be7 5. Bd3 h6 6. Bh4 c5 7. c3 O-O 8. Nbd2
Nc6 9. O-O a6 10. Ne5 Nxe5 11. dxe5 Nd7 12. Bxe7 Qxe7 13. f4 b5 14. Qh5 f5 15.
g4 Nb6 16. Nf3 Qf7 17. Qxf7+ Kxf7 18. gxf5 exf5 19. h4 g6 20. Kf2 Rg8 21. Rg1
Na4 22. Rab1 Be6 23. Bc2 Nb6 24. Rg3 Nc4 25. Bd3 Nb6 26. Rbg1 Na4 27. Rb1 Rad8
28. Bc2 Nb6 29. b3 b4 30. cxb4 cxb4 31. Nd4 Rc8 32. Rbg1 Rce8 33. Nxe6 Rxe6 34.
Bxf5 Rc6 35. Bh3 a5 36. h5 1-0

[Event "SK Dülmen 2 - SK Bocholt 2"]
[Site "Verbandsklasse, Gr. 1 2022/20"]
[Date "2022.09.17"]
[Round "1.3"]
[White "Tepasse, Wilhelm"]
[Black "Ulunque Villazon, Humberto"]
[Result "1-0"]
[WhiteElo "1741"]
[BlackElo "1618"]
[PlyCount "56"]
[EventDate "2022.??.??"]
[SourceTitle "Verband Muensterland"]
[SourceDate "2022.10.26"]
[SourceVersion "1"]
[SourceVersionDate "2022.10.26"]
[SourceQuality "1"]
[WhiteTeam "SK Bocholt 2"]
[BlackTeam "SK Dülmen 2"]

1. d4 c5 2. d5 d6 3. c4 e5 4. Nc3 Nf6 5. Bg5 h6 6. Bxf6 Qxf6 7. e4 Na6 8. a3
Bd7 9. Rb1 Qd8 10. Bd3 Be7 11. Nge2 O-O 12. Ng3 Nc7 13. O-O Rb8 14. Qe2 g6 15.
b4 b6 16. Qc2 cxb4 17. axb4 Ne8 18. Nce2 Rc8 19. Qa2 Rc7 20. f4 exf4 21. Nxf4
Bf6 22. Qd2 Kh7 23. Nfe2 Be5 24. Rf2 Ng7 25. Rbf1 Bc8 26. Qe3 h5 27. Nf4 Qg5
28. Nge2 Bh3 1-0

[Event "SK Dülmen 2 - SK Bocholt 2"]
[Site "Verbandsklasse, Gr. 1 2022/20"]
[Date "2022.09.17"]
[Round "1.4"]
[White "Sindermann, Erwin"]
[Black "Schlebusch, Daniel"]
[Result "0-1"]
[WhiteElo "1698"]
[BlackElo "1883"]
[PlyCount "126"]
[EventDate "2022.??.??"]
[SourceTitle "Verband Muensterland"]
[SourceDate "2022.10.26"]
[SourceVersion "1"]
[SourceVersionDate "2022.10.26"]
[SourceQuality "1"]
[WhiteTeam "SK Dülmen 2"]
[BlackTeam "SK Bocholt 2"]

1. e4 e6 2. d4 d5 3. exd5 exd5 4. Bd3 Bd6 5. h3 Ne7 6. Nf3 Nbc6 7. c3 Bf5 8.
O-O Qd7 9. Re1 Bxd3 10. Qxd3 O-O-O 11. Ne5 Bxe5 12. dxe5 Ng6 13. f4 Rhe8 14.
Rf1 f6 15. e6 Qxe6 16. f5 Nge5 17. Qc2 Qd6 18. Be3 Nc4 19. Bf2 Ne3 20. Bxe3
Rxe3 21. Na3 Rde8 22. Qa4 R8e4 23. Qd1 Qe5 24. Nc2 Re2 25. Ne1 Ne7 26. Nd3 Qg3
27. Rf2 Rxf2 28. Nxf2 Rf4 29. Qe2 Rxf5 30. Qxe7 Qxf2+ 31. Kh1 b6 32. Rd1 Rg5
33. Rg1 Qxb2 34. h4 Rg6 35. Qe6+ Kb8 36. Qxd5 Qxc3 37. Qg8+ Kb7 38. Qxh7 Rh6
39. Qe4+ Ka6 40. Rb1 Qc5 41. Rb4 c6 42. Rc4 Qe5 43. Qd3 Kb7 44. Re4 Rxh4+ 45.
Rxh4 Qe1+ 46. Kh2 Qxh4+ 47. Kg1 Qe1+ 48. Kh2 Qe5+ 49. Kh1 Qa1+ 50. Kh2 Qxa2 51.
Qd7+ Ka6 52. Qxc6 Qf7 53. Qc8+ Qb7 54. Qc4+ b5 55. Qa2+ Kb6 56. Qf2+ Kc7 57.
Qg3+ Kc8 58. Qh3+ Qd7 59. Qh8+ Kb7 60. Qg8 a5 61. Qb3 a4 62. Qf3+ Qc6 63. Qg4
g5 0-1

[Event "SK Dülmen 2 - SK Bocholt 2"]
[Site "Verbandsklasse, Gr. 1 2022/20"]
[Date "2022.09.17"]
[Round "1.5"]
[White "Hellmann, Guenter"]
[Black "Roessing, Paul"]
[Result "1/2-1/2"]
[WhiteElo "1544"]
[BlackElo "1626"]
[PlyCount "52"]
[EventDate "2022.??.??"]
[SourceTitle "Verband Muensterland"]
[SourceDate "2022.10.26"]
[SourceVersion "1"]
[SourceVersionDate "2022.10.26"]
[SourceQuality "1"]
[WhiteTeam "SK Bocholt 2"]
[BlackTeam "SK Dülmen 2"]

1. e4 c5 2. Nf3 d6 3. c3 Nf6 4. d3 e5 5. Be2 Be7 6. O-O O-O 7. Nbd2 Nc6 8. Nc4
Be6 9. Ne3 Qc8 10. Qc2 h6 11. b3 a6 12. Bb2 b5 13. Rad1 b4 14. c4 Nd4 15. Nxd4
exd4 16. Nd5 Nxd5 17. cxd5 Bd7 18. Bc1 f5 19. f4 Bf6 20. Rde1 Re8 21. Bh5 Re7
22. Qf2 fxe4 23. Rxe4 Rxe4 24. dxe4 Bb5 25. Rd1 Qc7 26. Qg3 Qe7 1/2-1/2

[Event "SK Dülmen 2 - SK Bocholt 2"]
[Site "Verbandsklasse, Gr. 1 2022/20"]
[Date "2022.09.17"]
[Round "1.6"]
[White "Weise, Andreas"]
[Black "Welling, Konrad"]
[Result "1-0"]
[WhiteElo "1677"]
[BlackElo "1331"]
[PlyCount "39"]
[EventDate "2022.??.??"]
[SourceTitle "Verband Muensterland"]
[SourceDate "2022.10.26"]
[SourceVersion "1"]
[SourceVersionDate "2022.10.26"]
[SourceQuality "1"]
[WhiteTeam "SK Dülmen 2"]
[BlackTeam "SK Bocholt 2"]

1. e4 e6 2. d4 d5 3. exd5 exd5 4. Bd3 Nc6 5. c3 Bd6 6. Nf3 Bg4 7. O-O Nge7 8.
h3 Bh5 9. Re1 Qd7 10. a4 O-O-O 11. b4 g5 12. b5 Na5 13. Ba3 Bxf3 14. Qxf3 h5
15. Qf6 Rde8 16. Bxd6 cxd6 17. Nd2 g4 18. h4 Rhg8 19. Re3 Ng6 20. Bf5 1-0

[Event "SK Dülmen 2 - SK Bocholt 2"]
[Site "Verbandsklasse, Gr. 1 2022/20"]
[Date "2022.09.17"]
[Round "1.7"]
[White "Hunhoff, Lina Maria"]
[Black "Dolheimer, Peter"]
[Result "1-0"]
[WhiteElo "1494"]
[BlackElo "1334"]
[PlyCount "55"]
[EventDate "2022.??.??"]
[SourceTitle "Verband Muensterland"]
[SourceDate "2022.10.26"]
[SourceVersion "1"]
[SourceVersionDate "2022.10.26"]
[SourceQuality "1"]
[WhiteTeam "SK Bocholt 2"]
[BlackTeam "SK Dülmen 2"]

1. c4 c5 2. Nc3 Nf6 3. e4 e5 4. g3 Nc6 5. Bg2 d6 6. h3 Be6 7. d3 Nd4 8. Nge2
Be7 9. O-O Qd7 10. Kh2 h5 11. Nxd4 cxd4 12. Nd5 Bd8 13. f3 Rb8 14. a4 a6 15. b3
O-O 16. Nxf6+ Bxf6 17. f4 exf4 18. gxf4 Qc7 19. Qxh5 g6 20. Qh6 Bg7 21. Qg5 Qd8
22. Qg3 f5 23. Qxg6 Rf6 24. Qg5 fxe4 25. Bxe4 Rh6 26. Qxd8+ Rxd8 27. f5 Bd7 28.
Bxh6 1-0

[Event "SK Dülmen 2 - SK Bocholt 2"]
[Site "Verbandsklasse, Gr. 1 2022/20"]
[Date "2022.09.17"]
[Round "1.8"]
[White "Roeckmann, Jean Luc"]
[Black "Larrass, Ingolf"]
[Result "0-1"]
[WhiteElo "1236"]
[BlackElo "1652"]
[PlyCount "48"]
[EventDate "2022.??.??"]
[SourceTitle "Verband Muensterland"]
[SourceDate "2022.10.26"]
[SourceVersion "1"]
[SourceVersionDate "2022.10.26"]
[SourceQuality "1"]
[WhiteTeam "SK Dülmen 2"]
[BlackTeam "SK Bocholt 2"]

1. e4 c5 2. Nf3 e6 3. d4 cxd4 4. Nxd4 d6 5. Bb5+ Bd7 6. Bxd7+ Qxd7 7. Nc3 a6 8.
O-O Be7 9. Qg4 Bf6 10. Be3 Ne7 11. Nde2 Nbc6 12. Rad1 Qc7 13. Qg3 Rd8 14. Bg5
Bxg5 15. Qxg5 Ng6 16. Nf4 h6 17. Qg4 Nce5 18. Qg3 O-O 19. Nh5 Nc4 20. f4 Qc5+
21. Kh1 Qxh5 22. f5 Nge5 23. Ne2 Qxe2 24. f6 Qg4 0-1

[Event "Indische Dame Münster 1 - SF Stadtlohn"]
[Site "Verbandsklasse, Gr. 1 2022/20"]
[Date "2022.09.17"]
[Round "1.1"]
[White "Mullink, Jochem"]
[Black "Diersen, Joerg"]
[Result "1-0"]
[WhiteElo "2144"]
[BlackElo "1861"]
[PlyCount "47"]
[EventDate "2022.??.??"]
[SourceTitle "Verband Muensterland"]
[SourceDate "2022.10.26"]
[SourceVersion "1"]
[SourceVersionDate "2022.10.26"]
[SourceQuality "1"]
[WhiteTeam "SF Stadtlohn 1"]
[BlackTeam "Indische Dame Münster 1"]

1. d4 Nf6 2. c4 e6 3. Nf3 d5 4. Nc3 Be7 5. cxd5 exd5 6. Bf4 c6 7. h3 O-O 8. e3
Bf5 9. g4 Be4 10. Rg1 Bd6 11. Ne5 Bxe5 12. Bxe5 Nfd7 13. Bg3 Qe7 14. Be2 Re8
15. Kf1 Nf8 16. Qb3 b6 17. Rc1 Ne6 18. h4 h6 19. Nxe4 dxe4 20. Kg2 c5 21. Bb5
Rc8 22. Qd5 Nc7 23. Bxc7 Qxc7 24. Qxa8 1-0

[Event "Indische Dame Münster 1 - SF Stadtlohn"]
[Site "Verbandsklasse, Gr. 1 2022/20"]
[Date "2022.09.17"]
[Round "1.2"]
[White "Frie, Michael"]
[Black "Kloster, Josef"]
[Result "0-1"]
[WhiteElo "1836"]
[BlackElo "2044"]
[PlyCount "64"]
[EventDate "2022.??.??"]
[SourceTitle "Verband Muensterland"]
[SourceDate "2022.10.26"]
[SourceVersion "1"]
[SourceVersionDate "2022.10.26"]
[SourceQuality "1"]
[WhiteTeam "Indische Dame Münster 1"]
[BlackTeam "SF Stadtlohn 1"]

1. e4 e5 2. Nf3 d5 3. exd5 Bd6 4. Nc3 Nf6 5. d4 e4 6. Ne5 Qe7 7. Nc4 Bf5 8. Be2
O-O 9. Bg5 h6 10. Bh4 Nbd7 11. g4 Bh7 12. Qd2 Nb6 13. Ne3 Bf4 14. O-O-O g5 15.
Bg3 Nfxd5 16. Kb1 Qd6 17. Rdg1 Rad8 18. Nb5 Qd7 19. c4 a6 20. Nc3 Nxc3+ 21.
bxc3 Qe6 22. h4 Bxe3 23. Qxe3 Nxc4 24. Bxc4 Qxc4 25. hxg5 Rd5 26. Rd1 Rb5+ 27.
Ka1 hxg5 28. Be5 f6 29. Qh3 Rf7 30. Bxf6 e3 31. Rc1 Ra5 32. Rc2 Qd3 0-1

[Event "Indische Dame Münster 1 - SF Stadtlohn"]
[Site "Verbandsklasse, Gr. 1 2022/20"]
[Date "2022.09.17"]
[Round "1.3"]
[White "Krosenbrink, Marcel"]
[Black "Langheinrich, Joern"]
[Result "1-0"]
[WhiteElo "1871"]
[BlackElo "1856"]
[PlyCount "47"]
[EventDate "2022.??.??"]
[SourceTitle "Verband Muensterland"]
[SourceDate "2022.10.26"]
[SourceVersion "1"]
[SourceVersionDate "2022.10.26"]
[SourceQuality "1"]
[WhiteTeam "SF Stadtlohn 1"]
[BlackTeam "Indische Dame Münster 1"]

1. e4 c5 2. Nc3 e6 3. f4 Nc6 4. Nf3 d5 5. Bb5 a6 6. Bxc6+ bxc6 7. O-O Nf6 8. d3
Qb6 9. Na4 Qa7 10. c4 dxe4 11. dxe4 Nxe4 12. Qe2 f5 13. Ne5 g6 14. b3 Bg7 15.
Bb2 O-O 16. Rad1 Qc7 17. Nc3 Bxe5 18. fxe5 Qxe5 19. Nd5 Qb8 20. Ne7+ Kf7 21.
Nxc6 Qc7 22. Qxe4 Bb7 23. Ne5+ Kg8 24. Qh4 1-0

[Event "Indische Dame Münster 1 - SF Stadtlohn"]
[Site "Verbandsklasse, Gr. 1 2022/20"]
[Date "2022.09.17"]
[Round "1.6"]
[White "Glotzbach, Thomas"]
[Black "Kloster, Elisabeth"]
[Result "1/2-1/2"]
[WhiteElo "1777"]
[BlackElo "1717"]
[PlyCount "66"]
[EventDate "2022.??.??"]
[SourceTitle "Verband Muensterland"]
[SourceDate "2022.10.26"]
[SourceVersion "1"]
[SourceVersionDate "2022.10.26"]
[SourceQuality "1"]
[WhiteTeam "Indische Dame Münster 1"]
[BlackTeam "SF Stadtlohn 1"]

1. e4 e6 2. d4 d5 3. e5 c5 4. c3 Nc6 5. Nf3 cxd4 6. cxd4 Bb4+ 7. Bd2 Bxd2+ 8.
Qxd2 Nge7 9. Bd3 h6 10. O-O Bd7 11. Nc3 a6 12. Rac1 Rc8 13. Ne2 Qb6 14. Rc5 O-O
15. Rfc1 Nxd4 16. Bh7+ Kxh7 17. Qxd4 Rxc5 18. Qxc5 Qxc5 19. Rxc5 Rc8 20. Rc3
Rxc3 21. Nxc3 Nf5 22. g4 Ne7 23. Kf1 Ng6 24. Ke1 Nf4 25. Kd2 f6 26. Ke3 Nh3 27.
Nd1 Kg6 28. Nc3 Ng5 29. Nh4+ Kf7 30. f4 fxe5 31. fxg5 d4+ 32. Kd2 dxc3+ 33.
Kxc3 hxg5 1/2-1/2

[Event "Indische Dame Münster 1 - SF Stadtlohn"]
[Site "Verbandsklasse, Gr. 1 2022/20"]
[Date "2022.09.17"]
[Round "1.7"]
[White "Kloster, Svetlana"]
[Black "Ter Veen, Michael"]
[Result "1-0"]
[WhiteElo "1933"]
[BlackElo "1645"]
[PlyCount "47"]
[EventDate "2022.??.??"]
[SourceTitle "Verband Muensterland"]
[SourceDate "2022.10.26"]
[SourceVersion "1"]
[SourceVersionDate "2022.10.26"]
[SourceQuality "1"]
[WhiteTeam "SF Stadtlohn 1"]
[BlackTeam "Indische Dame Münster 1"]

1. d4 d5 2. Nf3 e6 3. Bf4 Nf6 4. e3 Be7 5. Bd3 Nbd7 6. Nc3 c6 7. O-O O-O 8. a3
Re8 9. b4 a6 10. h3 Bf8 11. Re1 Nh5 12. Bh2 g6 13. Be2 Ng7 14. e4 dxe4 15. Nxe4
f5 16. Nd6 Bxd6 17. Bxd6 Nf6 18. Be5 Ne4 19. Bd3 Nc3 20. Qd2 Nd5 21. Qh6 Qe7
22. g4 fxg4 23. hxg4 Bd7 24. Bxg6 1-0

[Event "Indische Dame Münster 1 - SF Stadtlohn"]
[Site "Verbandsklasse, Gr. 1 2022/20"]
[Date "2022.09.17"]
[Round "1.8"]
[White "Blume, Heidrun"]
[Black "Van Harxen, Luc"]
[Result "0-1"]
[WhiteElo "1591"]
[BlackElo "1450"]
[PlyCount "67"]
[EventDate "2022.??.??"]
[SourceTitle "Verband Muensterland"]
[SourceDate "2022.10.26"]
[SourceVersion "1"]
[SourceVersionDate "2022.10.26"]
[SourceQuality "1"]
[WhiteTeam "Indische Dame Münster 1"]
[BlackTeam "SF Stadtlohn 1"]

1. e4 e5 2. f4 d6 3. Nf3 Bg4 4. Bc4 Nf6 5. fxe5 Bxf3 6. Qxf3 dxe5 7. d3 h6 8.
Be3 Nbd7 9. Nc3 Bb4 10. O-O c6 11. Rad1 O-O 12. d4 Qe7 13. d5 Nb6 14. Bb3 Bxc3
15. bxc3 cxd5 16. exd5 e4 17. Qf5 Nfd7 18. a4 Qe5 19. Bd4 Qxf5 20. Rxf5 Nc8 21.
c4 Nd6 22. Rf4 b6 23. Rg4 f6 24. c3 Rac8 25. Bc2 Rxc4 26. Re1 Re8 27. Re3 Ne5
28. Rf4 f5 29. h3 Ng6 30. Rf1 Ne7 31. Rg3 g6 32. Bf6 Kf7 33. Be5 Nb7 34. Bb3
0-1